Конкуренция в предпринимательстве: учебник

Detalles Bibliográficos
Autor Principal: Рубин Ю. Б. Юрий Борисович
Summary:Рассматриваются виды, типы, методы, характер взаимодействия компаний в конкурентной среде, стили конкурентного поведения, конкурентные статусы, диспозиции и поля соперничества, способы взаимного влияния и сотрудничества конкурентов. Содержится описание стратегий участия в конкуренции, наступательных, оборонительных и иных моделей конкуренции, операций, комбинаций, тактических хитростей, маневров, действий по ситуации в процессе конкуренции за результаты и ресурсы. Важное место в учебнике отведено изучению стратегического, тактического, операционного, ситуационного менеджмента конкурентных действий, вопросов обеспечения участниками рынка конкурентоспособности, укрепления ими конкурентных преимуществ. Для бакалавров, обучающихся по направлениям "Экономика" и "Управление", магистров, аспирантов и лиц, самостоятельно изучающих предпринимательство и менеджмент.
Idioma:ruso
Publicado: Москва, Университет "Синергия", 2018
Edición:8-е изд., перераб. и доп.
Series:Университетская серия
Subjects:
Formato: MixedMaterials Libro
KOHA link:https://koha.lib.tpu.ru/cgi-bin/koha/opac-detail.pl?biblionumber=342028

MARC

LEADER 00000nam0a2200000 4500
001 342028
005 20231102005416.0
010 |a 9785425702463 
035 |a (RuTPU)RU\TPU\book\370509 
090 |a 342028 
100 |a 20181126d2018 m y0rusy50 ca 
101 0 |a rus 
102 |a RU 
105 |a a j 001zy 
200 1 |a Конкуренция в предпринимательстве  |e учебник  |f Ю. Б. Рубин 
205 |a 8-е изд., перераб. и доп. 
210 |a Москва  |c Университет "Синергия"  |d 2018 
215 |a 912 с.  |c ил. 
225 1 |a Университетская серия 
320 |a Библиогр.: с. 873-894 
320 |a Предм. указ.: с. 895-905 
330 |a Рассматриваются виды, типы, методы, характер взаимодействия компаний в конкурентной среде, стили конкурентного поведения, конкурентные статусы, диспозиции и поля соперничества, способы взаимного влияния и сотрудничества конкурентов. Содержится описание стратегий участия в конкуренции, наступательных, оборонительных и иных моделей конкуренции, операций, комбинаций, тактических хитростей, маневров, действий по ситуации в процессе конкуренции за результаты и ресурсы. Важное место в учебнике отведено изучению стратегического, тактического, операционного, ситуационного менеджмента конкурентных действий, вопросов обеспечения участниками рынка конкурентоспособности, укрепления ими конкурентных преимуществ. Для бакалавров, обучающихся по направлениям "Экономика" и "Управление", магистров, аспирантов и лиц, самостоятельно изучающих предпринимательство и менеджмент. 
606 1 |a Предпринимательская деятельность  |2 stltpush  |3 (RuTPU)RU\TPU\subj\36666  |9 57967 
606 1 |a Конкуренция  |2 stltpush  |3 (RuTPU)RU\TPU\subj\36299  |9 57727 
610 1 |a экономика 
610 1 |a управление 
610 1 |a конкуренты 
610 1 |a стратегический менеджмент 
610 1 |a стратегии 
610 1 |a государственная конкурентная политика 
610 1 |a государственная защита 
610 1 |a антимонопольная деятельность 
610 1 |a тактика 
610 1 |a конкурентные стратегии 
610 1 |a конкурентные модели 
610 1 |a оборонительные операции 
610 1 |a конкурентная разведка 
610 1 |a конкурентные войны 
610 1 |a тактический менеджмент 
610 1 |a человеческий фактор 
610 1 |a конкурентный анализ 
610 1 |a учебники 
686 |a У012.12я73  |v LBC/SL-A  |2 rubbk 
686 |a У011.31я73  |v LBC/SL-A  |2 rubbk 
700 1 |a Рубин  |b Ю. Б.  |g Юрий Борисович 
801 1 |a RU  |b 63413507  |c 20181126 
801 2 |a RU  |b 63413507  |c 20181211  |g RCR 
942 |c BK